000 00413nam a2200157 i 4500
001 bg
100 1 _aBUDDE, Ferdinand
245 0 _aSchulen :
_bHandbuch für die Planung und Durchführung von Schulbaten /
_cF. Budde, H.W. Thel.
260 _aMünchen,
_c1969.
700 1 _aTHEL, Hans Wolfram
040 _cBPK
041 _apol
080 _a727.1
942 _cKS
008 s pl f |000 0 pol
999 _c8406
_d8406
856 _uhttp://koha.tu.koszalin.pl/cgi-bin/koha/opac-detail.pl?biblionumber=8406
_yKatalog online BPK